Oi Dog! / (Record no. 2389)
[ view plain ]
| 000 -LEADER | |
|---|---|
| fixed length control field | 01147nam a22003017a 4500 |
| 001 - CONTROL NUMBER | |
| control field | 2389 |
| 003 - CONTROL NUMBER IDENTIFIER | |
| control field | FISKH |
| 005 - DATE AND TIME OF LATEST TRANSACTION | |
| control field | 20231122152238.0 |
| 008 - FIXED-LENGTH DATA ELEMENTS--GENERAL INFORMATION | |
| fixed length control field | 231122b cb ||||| |||| 00| 0 eng d |
| 020 ## - INTERNATIONAL STANDARD BOOK NUMBER | |
| International Standard Book Number | 9781444919592 |
| 040 ## - CATALOGING SOURCE | |
| Original cataloging agency | FISKH |
| Language of cataloging | eng |
| Transcribing agency | FISKH |
| Modifying agency | FISKH |
| 050 ## - LIBRARY OF CONGRESS CALL NUMBER | |
| Classification number | PZ8.G7433 |
| 082 ## - DEWEY DECIMAL CLASSIFICATION NUMBER | |
| Classification number | 823.92 |
| 100 ## - MAIN ENTRY--PERSONAL NAME | |
| Personal name | Gray, Kes |
| 245 ## - TITLE STATEMENT | |
| Title | Oi Dog! / |
| Statement of responsibility, etc. | Written by Kes & Claire Gray ; illustrated by Jim Field |
| 260 ## - PUBLICATION, DISTRIBUTION, ETC. | |
| Place of publication, distribution, etc. | London : |
| Name of publisher, distributor, etc. | Hodder Children's Books : |
| Date of publication, distribution, etc. | 2016. |
| 300 ## - PHYSICAL DESCRIPTION | |
| Extent | 30 unnumbered pages : |
| Other physical details | color illustrations ; |
| Dimensions | 25 cm |
| 490 ## - SERIES STATEMENT | |
| Series statement | From the creator of oi frog! |
| 505 ## - FORMATTED CONTENTS NOTE | |
| Formatted contents note | J<br/> |
| 520 ## - SUMMARY, ETC. | |
| Summary, etc. | In this hilarious sequel to Frog on a Log?, frog decides that he does not want to sit on a log, and he definitely does not want a dog to sit on a frog! So he changes the rules. Now, dogs sit on logs, and cats sit on gnats! But what will frog decide to sit on now? |
| 521 8# - TARGET AUDIENCE NOTE | |
| Target audience note | 480<br/> |
| Source | Lexile AD <br/> |
| 521 8# - TARGET AUDIENCE NOTE | |
| Target audience note | J<br/> |
| Source | Raz-Plus<br/> |
| 650 ## - SUBJECT ADDED ENTRY--TOPICAL TERM | |
| Topical term or geographic name entry element | Dog |
| Form subdivision | Juvenile literature |
| 650 ## - SUBJECT ADDED ENTRY--TOPICAL TERM | |
| Topical term or geographic name entry element | Frog |
| Form subdivision | Juvenile literature |
| 700 ## - ADDED ENTRY--PERSONAL NAME | |
| Personal name | Gray, Claire |
| Relator term | Author |
| 700 ## - ADDED ENTRY--PERSONAL NAME | |
| Personal name | Field, Jim |
| Relator term | illustrator |
| 942 ## - ADDED ENTRY ELEMENTS (KOHA) | |
| Source of classification or shelving scheme | Dewey Decimal Classification |
| Koha item type | Books |
| Suppress in OPAC | No |
| Withdrawn status | Lost status | Source of classification or shelving scheme | Damaged status | Not for loan | Collection | Home library | Current library | Shelving location | Date acquired | Total Checkouts | Full call number | Barcode | Date last seen | Date last checked out | Price effective from | Koha item type |
|---|---|---|---|---|---|---|---|---|---|---|---|---|---|---|---|---|
| Dewey Decimal Classification | Juvenile Fiction | Footprints International School Library Network Toul Kork Campus | Footprints International School Library Network Toul Kork Campus | TK Primary Library Room(4th Floor), Bookcase 1&2, Shelves 1-16, Dark Blue Books | 11/22/2023 | 5 | GRA 823.92 PZ8.G7433 | 2023-0758 | 03/26/2026 | 03/19/2026 | 11/22/2023 | Books |
